Jack Kennedy (Record no. 53227)

MARC details
000 -LEADER
campo de control de longitud fija 00779nam a22002653 4500
001 - NÚMERO DE CONTROL
campo de control 55900
005 - FECHA Y HORA DE LA ÚLTIMA TRANSACCIÓN
campo de control 20230410120845.0
008 - DATOS DE LONGITUD FIJA--INFORMACIÓN GENERAL
campo de control de longitud fija 061214s2007 xx 000 0 eng d
035 ## - NÚMERO DE CONTROL DEL SISTEMA
Número de control de sistema (OCoLC)ocn148750222
040 ## - FUENTE DE CATALOGACIÓN
Centro catalogador/agencia de origen BTCTA
Centro/agencia transcriptor BTCTA
Centro/agencia modificador BAKER
-- YDXCP
-- DRFGD
020 ## - NÚMERO INTERNACIONAL ESTÁNDAR DEL LIBRO
Número Internacional Estándar del Libro 9780393329704
020 ## - NÚMERO INTERNACIONAL ESTÁNDAR DEL LIBRO
Número Internacional Estándar del Libro 0393329704
035 ## - NÚMERO DE CONTROL DEL SISTEMA
Número de control de sistema (OCoLC)148750222
050 14 - SIGNATURA TOPOGRÁFICA DE LA BIBLIOTECA DEL CONGRESO
Número de clasificación J12j 2007
245 00 - MENCIÓN DEL TÍTULO
Título Jack Kennedy
Resto del título The Education of a Statesman.
260 ## - PUBLICACIÓN, DISTRIBUCIÓN, ETC.
Nombre del editor, distribuidor, etc. W W Norton & Co Inc
Fecha de publicación, distribución, etc. 2007.
300 ## - DESCRIPCIÓN FÍSICA
Extensión 509 p.
720 ## - ENTRADA AGREGADA--NOMBRE NO CONTROLADO
Nombre Leaming, Barbara
938 ## -
-- Baker and Taylor
-- BTCP
-- BK0007086836
938 ## -
-- Baker & Taylor
-- BKTY
-- 17.95
-- 13.46
-- 0393329704
-- 0007086836
-- active
938 ## -
-- YBP Library Services
-- YANK
-- 2598175
942 ## - ELEMENTOS DE ENTRADA SECUNDARIOS (KOHA)
Fuente del sistema de clasificación o colocación Clasificación de Library of Congress
Tipo de ítem Koha
946 ## - PROCESAMIENTO DE INFORMACIÓN LOCAL (OCLC)
a lmminaya
994 ## -
-- C0
-- DRFGD
Holdings
Estatus retirado Estado de pérdida Fuente del sistema de clasificación o colocación Estado de daño No para préstamo Colección Biblioteca de origen Biblioteca actual Ubicación en estantería Fecha de adquisición Serial enumeration / chronology Signatura topográfica completa Código de barras Visto por última vez Copia número Tipo de ítem Koha
    Clasificación de Library of Congress     Ciencias Sociales Biblioteca Juan Bosch Biblioteca Juan Bosch Ciencias Sociales (3er. Piso) 10/04/2023 3 J12j 2007 00000056778 24/10/2018 1